| 000 | 01185nas a22002537a 4500 | ||
|---|---|---|---|
| 999 |
_c40850 _d40850 |
||
| 005 | 20200515100950.0 | ||
| 007 | cz aa aaaaa | ||
| 008 | 200428c f||poo|||| 00| 0 eng d | ||
| 022 | _a2706-9591 | ||
| 040 | _coclc | ||
| 082 |
_a658 _bJOU/M |
||
| 210 | _aInt. J. Tourism Hotel Manage | ||
| 245 |
_aInternational Journal of Tourism and Hotel Management _he-Journal (Open Access) |
||
| 260 |
_bData One Enterprises _aDelhi, India |
||
| 300 | _aPDF(online) | ||
| 310 | _aSemiannual | ||
| 365 | _eOpen Access | ||
| 500 | _aAn international peer-reviewed journal publishing high quality research and review articles related to: Corporate Governance Customer Satisfaction, Decision Analysis, E-business, E-Tourism, Finance management, Food Service, Hotel Management, Human Resource Information, Leadership, Manufacturing, Managerial Economics, Internet role in telecommunications, investor relations, and Production management, etc. | ||
| 650 | 0 |
_aTechnology _vManagement _zManagement & auxiliary services _92324 |
|
| 651 | 0 |
_92254 _aIndia |
|
| 655 | 0 |
_92257 _ae-Journal |
|
| 856 | _uhttp://www.tourismjournal.net/ | ||
| 942 |
_2ddc _cEJ _h658 _k658 _mJOU/M |
||